F1 Most Consecutive Seasons With a Win - Statistics

General Stats
  • This quiz has been taken 22 times
  • The average score is 9 of 11
Answer Stats
Total Seasons Country Driver % Correct
15 2007–2021 United Kingdom Lewis Hamilton
100%
10 2016–2025 Netherlands Max Verstappen
100%
15 1992–2006 Germany Michael Schumacher
100%
10 1981–1990 France Alain Prost
95%
9 1985–1993 Brazil Ayrton Senna
95%
6 2008–2013 Germany Sebastian Vettel
84%
7 1962–1968 United Kingdom Jim Clark
68%
8 1980–1987 Brazil Nelson Piquet
68%
7 1997–2003 United Kingdom David Coulthard
58%
7 1955–1961 United Kingdom Stirling Moss
58%
6 1968–1973 United Kingdom Jackie Stewart
53%
No matching quizzes found
Score Distribution
Percent of People with Each Score
Percentile by Number Answered
Your Score History
You have not taken this quiz